000 00949nam a2200313 b 4500
001 0000621
003 DO-SdBNP
005 20171120125036.0
007 0000621
008 050617 2008 ag ac spa
017 _a
_b
020 _a9789876080507
035 _a
040 _aBPMSU
_bspa
_cBPMSU
_e
082 4 _a371. 94
_bA668s
100 1 _aArce Guerschberg, Mariela
245 1 0 _aSoluciones pedagógicas para el autismo :
_bqué hacer con los TGD /
_h
_cMariela Arce Guerschberg
246 1 0 _aAutismo : soluciones pedagógicas
260 0 _aBuenos Aires :
_bLandeira,
_c2008.
300 _a[352] p. :
_bil., retr.
_c27 cm
_e+ CD-ROOM
504 _aBibliografía p: 350-352
650 _aAUTISMO
650 4 _aAUTISMO EN NIÑOS
650 4 _aTRASTORNOS DEL DESARROLLO INFANTIL
910 _aValidado. Control de calidad MFF
942 _2ddc
_cBK
945 _aInvetariado / 2017 VM
956 _aYLOCKWARD
_b10
_dBPMSU
_f00144
999 _c11213
_d11213